Open Data Biblioteca Nacional de Portugal


República Portuguesa: Ministério da Cultura
Biblioteca Nacional de Portugal

Catálogo da BNP: acesso por Identificadores Unívocos
Registos Bibliográficos associados ao registo de autoridade

Etiqueta de registo: 00000nkm 2200025 450
001 2279953
003 http://id.bnportugal.gov.pt/bib/catbnp/2279953
100 ## $a20260313d1977 m y0pory01030103ba
101 0# $apor
102 ## $aPT
200 1# $a13º Ciclo de Teatro 77-78$bVisual gráfico]$fCITAC$gdesign: Manuel Francisco Miranda
210 #9 $aCoimbra$cCírculo de Iniciação Teatral da Academia de Coimbra,$d1977$eCoimbra:$gLito Coimbra)
215 ## $a1 cartaz$ccolor.$d68x50 cm
317 ## $aColeção Madeira Luís
702 #1 $aMiranda$bDaniel Francisco$4410$31991171
710 02 $aCírculo de Iniciação Teatral da Academia de Coimbra$3313425
801 #0 $aPT$bBN$gRPC
966 ## $lBN$mICONOG$sCT. 24417 A.$x3
971 ## $cCaticonografia5$d20260313
972 ## $d20260422$e0$vmferro$z0
995 ## $aPRR2026

OpendataBNP@bnportugal.pt | Mais informação sobre acesso aos dados BNP